Basel iii capital requirements and lending: The case of the D-SIB capital buffer in Thailand (Record no. 532817)

000 -LEADER
fixed length control field 01490nam a22001337a 4500
008 - FIXED-LENGTH DATA ELEMENTS--GENERAL INFORMATION
fixed length control field 260320b ||||| |||| 00| 0 eng d
100 ## - MAIN ENTRY--PERSONAL NAME
Personal name Prachakseranee, Attavit
245 ## - TITLE STATEMENT
Title Basel iii capital requirements and lending: The case of the D-SIB capital buffer in Thailand
260 ## - PUBLICATION, DISTRIBUTION, ETC. (IMPRINT)
Place of publication, distribution, etc The Developing Economies
300 ## - PHYSICAL DESCRIPTION
Extent 63(3), Sep, 2025: p.225-261
520 ## - SUMMARY, ETC.
Summary, etc This study attempts to measure the endogeneity-prone effects of the implementation of the domestic systemically important bank (D-SIB) capital buffer in Thailand by creating a synthetic control for each D-SIB. The main findings suggest that the D-SIBs responded to the D-SIB capital buffer differently, depending on the relative size of the portfolios with higher risk weights. Specifically, the D-SIB with the highest proportion of business loans in its portfolio decreased lending growth more than the other two D-SIBs, whereas the D-SIB with the highest proportion of retail loans did not significantly decrease lending growth. In addition, the state-owned commercial bank behaved differently from other banks such that synthetic controls cannot be created to replicate the unique behavior. While this study finds no significant effects on capital and risk-weighted assets in the short run, it cannot rule out the possibility of the D-SIBs raising more capital in the longer run.-Reproduced


https://onlinelibrary.wiley.com/doi/10.1111/deve.12444
773 ## - HOST ITEM ENTRY
Main entry heading The Developing Economies
942 ## - ADDED ENTRY ELEMENTS (KOHA)
Item type Articles
Holdings
Withdrawn status Lost status Source of classification or shelving scheme Damaged status Not for loan Permanent location Current location Date acquired Serial Enumeration / chronology Barcode Date last seen Koha item type
          Indian Institute of Public Administration Indian Institute of Public Administration 2026-03-20 63(3), Sep, 2025: p.225-261 AR138335 2026-03-20 Articles

Powered by Koha